Регионална библиотека "Любен Каравелов" - Русе

Олива Денаро (Запис номер 474385)

MARC детайли
000 -Лидер
Контролно поле с фиксирана дължина 01044nam a2200265 a 4500
003 - Код на организацията, давaща контролен номер
Контролно поле BLK
005 - Дата и час на последна редакция
Контролно поле 20240814104708.0
008 - Елементи от данни с фиксирана дължина
fixed length control field 200211b bu ||||| |||| 00| 0 bu d
020 ## - Международен стандартен номер на книга ISBN
Международен стандартен номер на книга ISBN 9789547695382
040 ## - Източник на каталожния запис
Идентификатор на билиотеката - собственик на записа BLK
041 ## - Код за език
Код за езика на текст/звукозапис или на отделно заглавие Български
Код за езика КДБФ Български
080 ## - УДК
Текстов определител УДК Италианска литература
УДК код - определител по УДК 821.131.1
УДК определител -31
УДК - код + определител 821.131.1-31
100 ## - Редна дума - Автор
Автор Ардоне, Виола
Авторска отговорност първи автор
R(LIN) 1299
139 ## - Редно поле
Редна дума Ардоне, Виола
Авторски знак Арг - А 82
245 ## - Сведения за заглавието
Заглавие Олива Денаро
Подзаглавни данни Роман
Редно поле (дума) Виола Ардоне ; прев. от итал. Вера Петрова.
260 ## - Област на издателските данни
9 (RLIN) 209460
Място на издаване, разпространение и проч. София
Име на издателя, разпространителя и проч. Обсидиан
Година на издаване 2022
Печатница София : Инвестпрес
Издателство - префикс ISBN 978-954-769- ; 954-8240-
300 ## - Физическа характеристика
Страници 311 с.
Размери/Мащаб 20 см
380 ## - Жанр
Жанр Худож. лит.
500 ## - Общи забележки
Забележка Ориг. загл. Oliva Denaro / Viola Ardone.
700 ## - Други автори (авторска отговорност)
9 (RLIN) 342056
Лично име Петрова, Вера Върбанова
Автороска отговорност (Описва отношението между автора и произведението) прев. от итал.
765 ## - Описание на заглавието на оригиналният език
Редна дума на основното описание Il treno del bambini
852 ## - Местоположение
Форматна сигнатура Цб 318175
Фондова буква Хранилище
942 ## - АРТИКУЛИ
Вид на библиотечния материал Книги
Скрит в OPAC Не
Периодичен библиозапис Да
Koha issues (borrowed), all copies 16
944 ## - СЪЗДАВАНЕ И РЕДАКЦИЯ на ЗАПИСА
Служител, извършил регистрацията/редакцията 30531
Статус, дата на статуса Цветелина Шанова
999 ## - СИСТЕМНИ КОНТРОЛНИ НОМЕРА
Koha biblionumber 474385
Koha biblioitemnumber 474385
Наличности
Код за отписване Код за изгубен артикул Източник на класификационната схема Код за повреда Коз за рестрикции Код за отдаване Артикулен № Име на библиотеката - собственик Име на библиотеката, в която се намира в момента Статус (Текущо местоположение) Дата на вписване в системата Местоположение - отдел Цена в лева Систематично азбучна сигнатура Баркод Цена в евро Служебен тип на артикула Инвентарен номер
  Не е изгубен Universal Decimal Classification Не е повреден без рестрикции заемане за дома 905501 Регионална библиотека "Любен Каравелов" Русе Регионална библиотека "Любен Каравелов" Русе Заемна - подръчен фонд 2022-09-28 Заемна - подръчен фонд 13.30 821-31/А 82 В 120000877327 6.80 Книги  
  Не е изгубен Universal Decimal Classification Не е повреден без рестрикции заемане за дома 905502 Регионална библиотека "Любен Каравелов" Русе Регионална библиотека "Любен Каравелов" Русе Заемна - подръчен фонд 2022-09-28 Заемна - подръчен фонд 13.30 821-31/А 82 В 120000877326 6.80 Книги  
  Не е изгубен Universal Decimal Classification Не е повреден   ползва се в читалня 929448 Регионална библиотека "Любен Каравелов" Русе Регионална библиотека "Любен Каравелов" Русе Хранилище 2023-07-11 Хранилище 19.00 Цб 318175 120000888956 9.71 Книги 120000888956
Vip Innovations Ltd, Rousse, Bulgaria 2025